Mathematical morphology in image processing / (Record no. 175588)

000 -LEADER
fixed length control field 01459 a2200229 4500
003 - CONTROL NUMBER IDENTIFIER
control field Nust
005 - DATE AND TIME OF LATEST TRANSACTION
control field 20230221152436.0
010 ## - LIBRARY OF CONGRESS CONTROL NUMBER
LC control number 92025560
020 ## - INTERNATIONAL STANDARD BOOK NUMBER
International Standard Book Number 0824787242 (alk. paper)
040 ## - CATALOGING SOURCE
Transcribing agency Nust
082 00 - DEWEY DECIMAL CLASSIFICATION NUMBER
Classification number 621.367,MAT
245 00 - TITLE STATEMENT
Title Mathematical morphology in image processing /
Statement of responsibility, etc. edited by Edward Dougherty.
260 ## - PUBLICATION, DISTRIBUTION, ETC.
Place of publication, distribution, etc. New York :
Name of publisher, distributor, etc. M. Dekker,
Date of publication, distribution, etc. c1993.
300 ## - PHYSICAL DESCRIPTION
Extent xvi, 530 p. :
Other physical details ill. ;
Dimensions 24 cm.
490 1# - SERIES STATEMENT
Series statement Optical engineering
505 ## - FORMATTED CONTENTS NOTE
Formatted contents note Training Structuring Elements In Morphological Networks (Page-1), Efficient Design Strategies For The Optimal Binary Digital Morphological Filter: Probabilities, Constraints, And Structuring-Element Libraries (Page-43), Statistical Properties Of Discrete Morphological Filters (Page-93), Morphological Analysis Of Pavement Surface Condition (Page-121), On Two Inverse Problems In Mathematical Morphology (Page-151), Graph Morphology In Image Analysis (Page-171), Mathematical Morphology With Noncommutative Symmetry Groups (Page-205), Morphological Algorithms (Page-255), Discrete Half Plane Morphology For Restricted Domains (Page-289), On As Distance Function Approach For Gray Level Mathematical Morphology (Pag-323).
650 #0 - SUBJECT ADDED ENTRY--TOPICAL TERM
Topical term or geographic name entry element Telecommunication Engineering.
700 1# - ADDED ENTRY--PERSONAL NAME
Personal name Dougherty, Edward R.
9 (RLIN) 75827
830 #0 - SERIES ADDED ENTRY--UNIFORM TITLE
Uniform title Optical engineering (Marcel Dekker, Inc.)
9 (RLIN) 96335
856 42 - ELECTRONIC LOCATION AND ACCESS
Materials specified Publisher description
Uniform Resource Identifier <a href="http://www.loc.gov/catdir/enhancements/fy0647/92025560-d.html">http://www.loc.gov/catdir/enhancements/fy0647/92025560-d.html</a>
942 ## - ADDED ENTRY ELEMENTS (KOHA)
Koha item type Reference
Source of classification or shelving scheme
Holdings
Withdrawn status Lost status Source of classification or shelving scheme Damaged status Not for loan Permanent Location Current Location Shelving location Date acquired Full call number Barcode Date last seen Price effective from Koha item type Public note
          Military College of Signals (MCS) Military College of Signals (MCS) Reference 12/12/2016 621.367,MAT MCS27155 12/08/2016 12/12/2016 Reference Almirah No.71, Shelf No.1
© 2023 Central Library, National University of Sciences and Technology. All Rights Reserved.